000 00355nam a2200145 i 4500
001 bg
100 1 _aKLUŹNIAK, Feliks
245 0 _aProlog /
_cFELIKS Kluźniak, STANISŁAW Szpakowicz.
260 _aWarszawa,
_c1983.
700 1 _aSZPAKOWICZ, Stanisław
040 _cBPK
041 _apol
942 _cKS
008 s pl f |000 0 pol
999 _c22244
_d22244
856 _uhttp://koha.tu.koszalin.pl/cgi-bin/koha/opac-detail.pl?biblionumber=22244
_yKatalog online BPK